Southville International School and Colleges
Your cart is empty.
  • Cart
  • Lists
    Public lists Eva Luna New books Lux_list list_1
    Your lists Log in to create your own lists
  • Log in to your account
  • Your cookies
  • Search history
Southville International School and Colleges
  • Advanced search
  • Recent comments
  • Most popular
  • Libraries

Log in to your account

Log in with GOOGLE


If you do not have an external account, but do have a local account, you can still log in:

  1. Home
  2. MARC view: Dots
Normal view MARC view ISBD view

Dots (Record no. 366675)

[ view plain ]
MARC details
000 -LEADER
fixed length control field 00712nam a22002177a 4500
003 - CONTROL NUMBER IDENTIFIER
control field 0
005 - DATE AND TIME OF LATEST TRANSACTION
control field 20241111160629.0
008 - FIXED-LENGTH DATA ELEMENTS--GENERAL INFORMATION
fixed length control field 241111b xxu||||| |||| 00| 0 eng d
020 ## - INTERNATIONAL STANDARD BOOK NUMBER
International Standard Book Number 978-2-88935-805-2
082 ## - DEWEY DECIMAL CLASSIFICATION NUMBER
Classification number M 398.2
Item number M174 2017
100 ## - MAIN ENTRY--PERSONAL NAME
Personal name Macri, Giancarlo
245 ## - TITLE STATEMENT
Title Dots
Statement of responsibility, etc Giancarlo Macri, Carolina Zanotti.
260 ## - PUBLICATION, DISTRIBUTION, ETC. (IMPRINT)
Place of publication, distribution, etc Switzerland :
Name of publisher, distributor, etc NuiNui,
Date of publication, distribution, etc c2017.
300 ## - PHYSICAL DESCRIPTION
Extent Unnumbered pages :
Other physical details ill. ;
Dimensions 34 cm.
650 ## - SUBJECT ADDED ENTRY--TOPICAL TERM
Topical term or geographic name as entry element Children's stories
650 ## - SUBJECT ADDED ENTRY--TOPICAL TERM
Topical term or geographic name as entry element Helping behavior -- Pictorial works -- Juvenile fiction
650 ## - SUBJECT ADDED ENTRY--TOPICAL TERM
Topical term or geographic name as entry element Equality -- Pictorial works -- Juvenile fiction
650 ## - SUBJECT ADDED ENTRY--TOPICAL TERM
Topical term or geographic name as entry element Sharing -- Pictorial works -- Juvenile fiction
700 ## - ADDED ENTRY--PERSONAL NAME
Personal name Zanotti, Carolina,
Relator term author.
942 ## - ADDED ENTRY ELEMENTS (KOHA)
Source of classification or shelving scheme Dewey Decimal Classification
Koha item type Books
Holdings
Withdrawn status Lost status Source of classification or shelving scheme Damaged status Home library Current library Shelving location Date acquired Source of acquisition Sub Shelving location Total Checkouts Full call number Barcode Date last seen Price effective from Koha item type
    Dewey Decimal Classification   Munich Library Munich Library Main Section 11/11/2024 Library Fund     M 398.2 M174 2017 M8661 11/11/2024 11/11/2024 Books

Dots

APA

Macri G., Zanotti C., . (2017). Dots. Switzerland: NuiNui.

Chicago

Macri Giancarlo, Zanotti Carolina, . 2017. Dots. Switzerland: NuiNui.

Harvard

Macri G., Zanotti C., . (2017). Dots. Switzerland: NuiNui.

MLA

Macri Giancarlo, Zanotti Carolina, . Dots. Switzerland: NuiNui. 2017.

  • Place hold
  • Print
  • Cite
  • Add to your cart (remove)
  • Save record
    BIBTEX Dublin Core MARCXML MARC (non-Unicode/MARC-8) MARC (Unicode/UTF-8) MARC (Unicode/UTF-8, Standard) MODS (XML) RIS
  • More searches
    Search for this title in:
    Other Libraries (WorldCat) Other Databases (Google Scholar) Online Stores (Bookfinder.com) Open Library (openlibrary.org)

Exporting to Dublin Core...

SOUTHVILLE LIBRARY

Southville International School and Colleges Library

1281 Tropical Ave. Cor. Luxembourg St., BF Homes International, Las Pinas City

Tel. No. 8256374 / 252358 Loc. 117/146

Powered by Koha